000
00310nam a2200133Ia 4500
003
OSt
005
20240228153631.0
008
170524s9999 xx 000 0 und d
020
_a
978-8179681336
040
_c
IIMT UNIVERSITY
100
_a
DR GUPTA KM
245
0
_a
ENERGY ENVIRONMENTAL ENERGY
942
_2
ddc
_c
02
999
_c
8885
_d
8885